Web security

Gespeichert in:
Bibliographische Detailangaben
1. Verfasser: Tiwana, Amrit (Verfasst von)
Format: Buch
Sprache:Englisch
Veröffentlicht: Boston : Digital Press, 1999
Schlagworte:
Tags: Tag hinzufügen
Keine Tags, Fügen Sie das erste Tag hinzu!

MARC

LEADER 00000nam a22000003a 4500
001 stu51777
005 20150617225621.2
008 000127s1999----xxu-----------------eng-d
020 |a 1-55558-210-9 
040 |a STU  |b slo 
041 0 |a eng 
044 |a xxu 
080 |a 681.324.01.004.4 
080 |a 519.72 
080 |a 519.68 
084 |a B6210L  |2 INS 
084 |a C0230  |2 INS 
084 |a C0310D  |2 INS 
084 |a C5620  |2 INS 
084 |a C6130S  |2 INS 
084 |a D1060  |2 INS 
100 1 |a Tiwana, Amrit  |4 aut 
245 1 |a Web security 
260 |a Boston :  |b Digital Press,  |c 1999 
300 |a 425 s 
650 7 |a počítačové siete  |2 stusub 
650 7 |a internet  |2 stusub 
650 7 |a World Wide Web  |2 estusub 
650 7 |a zabezpečenie dát  |2 stusub 
650 7 |a ochrana dát  |2 stusub 
650 7 |a bezpečnosť počítačových systémov  |2 stusub 
650 7 |a elektronický obchod  |2 stusub 
996 |c I*6B5322  |l I  |s A  |a 24  |w stu51777_0001